<?xml version="1.0" encoding="UTF-8"?>
<record
    xmlns:xsi="http://www.w3.org/2001/XMLSchema-instance"
    xsi:schemaLocation="http://www.loc.gov/MARC21/slim http://www.loc.gov/standards/marcxml/schema/MARC21slim.xsd"
    xmlns="http://www.loc.gov/MARC21/slim">

  <leader>02900nam a2200325 i 4500</leader>
  <controlfield tag="001">991107400052206196</controlfield>
  <controlfield tag="005">20250331094637.0</controlfield>
  <controlfield tag="006">m     o  d |      </controlfield>
  <controlfield tag="007">cr#cnu||||||||</controlfield>
  <controlfield tag="008">240825t20242024enka    ob    001 0 eng d</controlfield>
  <datafield tag="020" ind1=" " ind2=" ">
    <subfield code="a">9781529240184</subfield>
  </datafield>
  <datafield tag="035" ind1=" " ind2=" ">
    <subfield code="a">(MiAaPQ)EBC31339491</subfield>
  </datafield>
  <datafield tag="035" ind1=" " ind2=" ">
    <subfield code="a">(Au-PeEL)EBL31339491</subfield>
  </datafield>
  <datafield tag="035" ind1=" " ind2=" ">
    <subfield code="a">(CKB)34092313900041</subfield>
  </datafield>
  <datafield tag="035" ind1=" " ind2=" ">
    <subfield code="a">(EXLCZ)9934092313900041</subfield>
  </datafield>
  <datafield tag="040" ind1=" " ind2=" ">
    <subfield code="a">MiAaPQ</subfield>
    <subfield code="b">eng</subfield>
    <subfield code="e">rda</subfield>
    <subfield code="e">pn</subfield>
    <subfield code="c">MiAaPQ</subfield>
    <subfield code="d">MiAaPQ</subfield>
  </datafield>
  <datafield tag="050" ind1=" " ind2="4">
    <subfield code="a">HD31</subfield>
    <subfield code="b">.S283 2024</subfield>
  </datafield>
  <datafield tag="100" ind1=" " ind2=" ">
    <subfield code="a">Savage, Paul,</subfield>
    <subfield code="d">1925-1987,</subfield>
    <subfield code="e">author.</subfield>
  </datafield>
  <datafield tag="245" ind1="1" ind2="0">
    <subfield code="a">Moomin Management </subfield>
    <subfield code="b">: Redefining Generosity </subfield>
    <subfield code="c">/ Paul Savage and Janne Tienari.</subfield>
  </datafield>
  <datafield tag="250" ind1=" " ind2=" ">
    <subfield code="a">First edition.</subfield>
  </datafield>
  <datafield tag="264" ind1=" " ind2="1">
    <subfield code="a">Bristol, England :</subfield>
    <subfield code="b">Bristol University Press,</subfield>
    <subfield code="c">2024.</subfield>
  </datafield>
  <datafield tag="264" ind1=" " ind2="4">
    <subfield code="c">2024</subfield>
  </datafield>
  <datafield tag="300" ind1=" " ind2=" ">
    <subfield code="a">161 pages</subfield>
  </datafield>
  <datafield tag="504" ind1=" " ind2=" ">
    <subfield code="a">Includes bibliographical references and index.</subfield>
  </datafield>
  <datafield tag="505" ind1="0" ind2=" ">
    <subfield code="a">The Moomin Way &#x2014;
Birth (And Life) of Ideas &#x2014;
The ebb and flow of inspiration &#x2014;
Characters and stories that stand the test of time &#x2014;
Balancing between art and business &#x2014;

Branding: Larger than Life &#x2014;
A brand that is universally local &#x2014;
Protecting the brand while letting it blossom &#x2014;
Branding generously &#x2014;

Partnerships: Crossroads of Passions &#x2014;
An ecosystem built on passion &#x2014;
Sharing the passion in strategic partnerships &#x2014;
Partnering generously &#x2014;

Strategy: What's the Purpose? &#x2014;
Values as bridges from the past to the future &#x2014;
Doing strategy with love, equality, and courage &#x2014;
Sharpening the approach to sustainability &#x2014;
Strategizing generously &#x2014;

Technologies: Into Virtual Worlds &#x2014;
Expanding into the unknown &#x2014;
People, technologies, and magic &#x2014;
Digitalizing generously &#x2014;

People: It Is Alright to Be Broken &#x2014;
Members of the resilient organization unite! &#x2014;
All the brave people and their humour &#x2014;
Managing people generously &#x2014;

Let's Party! &#x2014;
References &#x2014;
Media materials on Moomin &#x2014;
Index.</subfield>
  </datafield>
  <datafield tag="520" ind1=" " ind2=" ">
    <subfield code="a">Moomins, beloved troll creatures of Moominvalley, have captivated hearts worldwide since the 1940s.

This book unveils the Moomin business management journey, from Tove Jansson's creations to a global art-based brand and a growing ecosystem of companies. Emphasising generosity as a key management principle, it champions caring for people as vital for a thriving organisation.

Generosity, rooted in love, courage and belief in equality, shapes the Moomin ethos, underpinning not just the brand, but also strategic partnerships, engagement with technologies and the virtual world.

Offering rare insights from the Moomin inner circle, this management guide advocates sustainable practices. It unveils the keys to a business devoted to comforting people and fostering good, inspiring a blueprint for lasting success.</subfield>
  </datafield>
  <datafield tag="650" ind1=" " ind2="0">
    <subfield code="a">Industrial management</subfield>
    <subfield code="9">20469</subfield>
  </datafield>
  <datafield tag="700" ind1=" " ind2=" ">
    <subfield code="a">Tienari, Janne,</subfield>
    <subfield code="e">author.</subfield>
    <subfield code="9">24894</subfield>
  </datafield>
  <datafield tag="942" ind1=" " ind2=" ">
    <subfield code="2">lcc</subfield>
  </datafield>
  <datafield tag="952" ind1=" " ind2=" ">
    <subfield code="0">0</subfield>
    <subfield code="1">0</subfield>
    <subfield code="2">lcc</subfield>
    <subfield code="4">0</subfield>
    <subfield code="7">0</subfield>
    <subfield code="a">TBS</subfield>
    <subfield code="b">TBS</subfield>
    <subfield code="d">2025-03-12</subfield>
    <subfield code="l">0</subfield>
    <subfield code="o">HD31 SAV</subfield>
    <subfield code="p">B07506</subfield>
    <subfield code="r">2025-03-12</subfield>
    <subfield code="t">1</subfield>
    <subfield code="w">2025-03-12</subfield>
    <subfield code="y">1</subfield>
  </datafield>
  <datafield tag="999" ind1=" " ind2=" ">
    <subfield code="c">4533</subfield>
    <subfield code="d">4533</subfield>
  </datafield>
</record>
